Gandhi's religion : (Record no. 69900)

MARC details
000 -LEADER
fixed length control field 01056nam a22003137a 4500
005 - DATE AND TIME OF LATEST TRANSACTION
control field 20140606165427.0
010 ## - LCCN (DPL NO)
LC control number ENG-105848
020 ## - INTERNATIONAL STANDARD BOOK NUMBER
International Standard Book Number 9780198084976
Terms of availability 795.00
020 ## - INTERNATIONAL STANDARD BOOK NUMBER
International Standard Book Number 0198084978
Terms of availability 795.00
035 ## - SYSTEM CONTROL NUMBER
System control number EN-89381
035 ## - SYSTEM CONTROL NUMBER
System control number B-506661
035 ## - SYSTEM CONTROL NUMBER
System control number B-528938
037 ## - SOURCE OF ACQUISITION
Source of stock number/acquisition DBAD/PUB
037 ## - SOURCE OF ACQUISITION
Source of stock number/acquisition BSB/Ven
Stock number dpl
037 ## - SOURCE OF ACQUISITION
Source of stock number/acquisition Mallika Books/Ven
Stock number dpl
082 ## - DEWEY DECIMAL CLASSIFICATION NUMBER
Classification number 220
082 ## - DEWEY DECIMAL CLASSIFICATION NUMBER
Classification number 301.153
100 ## - MAIN ENTRY--PERSONAL NAME
Personal name Jordens, J.T.F
245 ## - TITLE STATEMENT
Title Gandhi's religion :
Remainder of title a homespun shawl /
Statement of responsibility, etc by J.T.F. Jordens
260 ## - PUBLICATION, DISTRIBUTION, ETC. (IMPRINT)
Place of publication, distribution, etc New Delhi
Name of publisher, distributor, etc Oxford University Press
Date of publication, distribution, etc 2012
270 ## - ADDRESS
Address YMCA Library Building, 1 Jai Singh Road
City New Delhi
Postal code 110001
300 ## - PHYSICAL DESCRIPTION
Extent xxiii,310p.
Dimensions 23cm(Hb)
500 ## - GENERAL NOTE
General note Includes index
600 ## - SUBJECT ADDED ENTRY--PERSONAL NAME
Personal name Gandhi, Mahatma,
Dates associated with a name 1869-1948
General subdivision Religion.
650 ## - SUBJECT ADDED ENTRY--TOPICAL TERM
Topical term or geographic name as entry element Hinduism.
942 ## - ADDED ENTRY ELEMENTS (KOHA)
Source of classification or shelving scheme Dewey Decimal Classification
Item type English Books
Classification part 301.153
Call number suffix JOR
Holdings
Withdrawn status Lost status Not for loan Collection code Home library Current library Date acquired Source of acquisition Cost, normal purchase price Full call number Barcode Copy number Cost, replacement price Koha item type
      Non-fiction Central Library Central Library 06/06/2014 BSB/880/09.03.2013/169/08.03.2013/22.03.2013   301.153 JOR B-506661 1 795.00 English Books
      Non-fiction Central Library Central Library 06/06/2014 Mallika Books/74/29.10.2013/33/10.10.2013/02.12.2013 795.00 301.153 JOR B-528938 1 795.00 English Books
    Not For Loan Non-fiction D.B.Act.Division D.B.Act.Division 12/09/2012 DBAD / PUB 795.00 220 JOR EN-89381 1 795.00 English Books

© Delhi Public Library
Hit Counter
free hit counter